Dear Silver Lining: (Record no. 195203)

MARC details
000 -LEADER
fixed length control field 00522nam a22001817a 4500
005 - DATE AND TIME OF LATEST TRANSACTION
control field 20230921110355.0
010 ## - LCCN (DPL NO)
LC control number ENG-136347
020 ## - INTERNATIONAL STANDARD BOOK NUMBER
International Standard Book Number 9789357942911
Terms of availability 295.00
035 ## - SYSTEM CONTROL NUMBER
System control number EN-119879
037 ## - SOURCE OF ACQUISITION
Source of stock number/acquisition DBAD/PUB
082 ## - DEWEY DECIMAL CLASSIFICATION NUMBER
Classification number 881
100 ## - MAIN ENTRY--PERSONAL NAME
Personal name Jain, Shalini
245 00 - TITLE STATEMENT
Title Dear Silver Lining:
Remainder of title A Collection of Odd Yet Awed Odes/
Statement of responsibility, etc By Shalini Chhabra Jain
250 ## - EDITION STATEMENT
Edition statement 2020
260 ## - PUBLICATION, DISTRIBUTION, ETC. (IMPRINT)
Name of publisher, distributor, etc V & S Publishers
Place of publication, distribution, etc Darya Ganj
Date of publication, distribution, etc 2020
300 ## - PHYSICAL DESCRIPTION
Extent 91p.;
Dimensions 21cm(pb)
Other physical details ill.
942 ## - ADDED ENTRY ELEMENTS (KOHA)
Source of classification or shelving scheme Dewey Decimal Classification
Item type English Books
Classification part 881
Call number suffix SHA
Holdings
Withdrawn status Lost status Not for loan Collection code Home library Current library Date acquired Source of acquisition Cost, normal purchase price Full call number Barcode Copy number Koha item type
      Non-fiction D.B.Act.Division Mobile Library 06/03/2023 DBAB/PUB 295.00 881 SHA EN-119879 1 English Books

© Delhi Public Library
Hit Counter
free hit counter